Ivanhoe /
Saved in:
| Main Author: | |
|---|---|
| Format: | Book (Paper) |
| Language: | English |
| Published: |
London :
J. M. Dent & Sons,
1955.
|
| Tags: |
Add Tag
No Tags, Be the first to tag this record!
|
| Institutions: | Thư viện Trường Đại học Đà Lạt |
|---|
| LEADER | 00611nam a2200265 4500 | ||
|---|---|---|---|
| 001 | DLU100113682 | ||
| 005 | ##20101130 | ||
| 040 | # | # | |a DLU |b vie |
| 041 | # | # | |a eng |
| 044 | # | # | |a us |
| 082 | # | # | |a 823 |b SC-W |
| 100 | # | # | |a Scott, Walter. |
| 245 | # | # | |a Ivanhoe / |c Walter Scott; introduction by Ernest Rhys. |
| 260 | # | # | |a London : |b J. M. Dent & Sons, |c 1955. |
| 300 | # | # | |a xiv, 459 p. ; |c 19 cm. |
| 923 | # | # | |a 100/2010 |
| 992 | # | # | |a 0 |
| 994 | # | # | |a DLU |
| 900 | # | # | |a True |
| 911 | # | # | |a Lý Thị Hồng Hạnh |
| 925 | # | # | |a G |
| 926 | # | # | |a A |
| 927 | # | # | |a SH |
| 980 | # | # | |a Thư viện Trường Đại học Đà Lạt |